00740 2200241 4500001002100000005001500021035002000036007000300056008004100059020002200100082001000122084001600132100002800148245011900176250002000295260003600315300003900351650001400390700001200404700002300416700001700439856004200456INLIS00000000113659320220117124403 a0010-0122001664ta220117 e 0 ind  a978-602-5568-25-1 a658.3 a658.3 AMB m0 aAmbar Teguh Sulistiyani1 aMANAJEMEN SMBER DAYA MANUSIA :bPENDEKATAN TEORETIK DAN PRAKTIK UNTUK ORGANISASI PUBLIK /cAmbar Teguh Sulistiyani aCetakan Pertama aYogyakarta :bGava Media,c2018 axx; 378 :bIlustrasi ;c16 x 23 cm 4aTeknologi0 aRosidah0 aDesain cover; Turi0 aLayout; Turi aDinas Perpustakaan Umum Kota Makassar